• 首页
  • 本馆介绍
  • 公告通知
  • 最新文献
  • 馆藏检索
  • 电子资源
  • 读者导购
  • 参考咨询
  • 我的图书馆
  • 登录
  • 详细信息显示
  • 放入我的书架
  • 预约/预借图书
  • 作者相关作品
  • 分类相关作品
  • 丛书相关作品
  • 出版社相关作品

书目信息

  • 表格格式
  • 工作单格式
  • 卡片格式
题名:
图书和图书馆史
    
 
作者: 小野泰博 著 ;阚法箴 , 陈秉才 译
分册:  
出版信息: 北京   北京大学出版社  1988.11
页数: 233页
开本: 19cm
丛书名:
单 册:
中图分类: G259.19
科图分类:
主题词: 图书馆事业-文化史--研究--世界 , 文化史-图书馆事业--研究--世界 , 图书史--研究
电子资源:
ISBN: 7-301-00540-7
000 00877nam0 2200277 45
001 0189027498
005 20061027105417.90
010    @a7-301-00540-7@dCNY2.95
020    @aCN@b89027498
100    @a19911017d1988 k y0chiy0120 ea
101 1  @achi@cjpn
102    @aCN@b110000
105    @ay z 000yy
200 10 @a图书和图书馆史@Atu shu he tu shu guan shi@f(日)小野泰博著@F( ri ) xiao ye tai bo zhu@g阚法箴,陈秉才译
210    @a北京@c北京大学出版社@d1988.11
215    @a233页@d19cm
540 1  @a图书 图书馆史@Atu shu tu shu guan shi
606    @a图书馆事业-文化史@x研究@y世界
606    @a文化史-图书馆事业@x研究@y世界
606    @a图书史@x研究
690    @aG259.19@v1980
701  0 @a小野泰博@Axiao ye tai bo@4著
702  0 @a阚法箴@Akan fa zhen@4译
702  0 @a陈秉才@Achen bing cai@4译
801  0 @aCN@bTSSF@c20061027
905    @a10447@dG259.19@e7
    
    图书和图书馆史/(日)小野泰博著/阚法箴,陈秉才译.-北京:北京大学出版社,1988.11
    233页;19cm
    
    
    ISBN 7-301-00540-7:CNY2.95
    
●
相关链接 在E读中查询图书 在五车中查询图书 在当当中查询图书 在豆瓣中查询图书


正题名:图书和图书馆史     索取号:G259.19/7         预约/预借

序号 登录号 条形码 馆藏地/架位号 状态 备注
1 0220280   000990583   密集书库/ [索取号:G259.19/7] 在馆    
2 0220281   000990592   第一样本阅览室/ [索取号:G259.19/7] 在馆    
3 0249548   000215181   密集书库/ [索取号:G259.19/7] 在馆    
4 0249549   000215127   密集书库/ [索取号:G259.19/7] 在馆    
5 0249550   000215145   密集书库/ [索取号:G259.19/7] 在馆    
6 0249551   000215172   密集书库/ [索取号:G259.19/7] 在馆    
7 0249552   000215136   密集书库/ [索取号:G259.19/7] 在馆    
唐山师范学院图书馆 欢迎您!
大连网信软件有限公司© 版权所有